000
00205nam a2200085Ia 4500
008
170617s9999 xx 000 0 und d
100
_a
Werumuth
245
4
_a
The Practice of medicinal Chemistry
260
_b
Elesvir Pub
260
_c
2008
999
_c
15367
_d
15367